Normal view
MARC view
Entry Nombre personal
001 - NÚMERO DE CONTROL
- campo de control: 149957
003 - IDENTIFICADOR DE NÚMERO DE CONTROL
- campo de control: OSt
005 - FECHA Y HORA DE LA ÚLTIMA TRANSACCIÓN
- campo de control: 20251013210540.0
008 - ELEMENTOS DE DATO DE LONGITUD-FIJA
- campo de control de longitud fija: 120510 b azzaaaaaa a aaa d
040 ## - FUENTE DE CATALOGACIÓN
- Centro catalogador/agencia de origen: OSt
- Centro/agencia transcriptor: OSt
100 1# - ENCABEZAMIENTO-NOMBRE DE PERSONA
- Nombre de persona: Cassé de Saint-Prosper, Antoine-Jean,
- Fechas asociadas al nombre: 1790-1841
400 2# - TRAZADO DE VÉASE--NOMBRE DE PERSONA
- Nombre de persona: Saint-Prosper, Antoine Jean Cassé de (
- Fechas asociadas al nombre: 1790-1841)
